000 00825cam a2200217 4500
001 WB3731-35
008 010815n2001 000 0 eng u
035 _a(Sirsi) u114156
245 _aAgent tore down rival 'For Sale' sign
260 _c2001
490 _aTimes
_v 15 August 2001, 3(1)
520 _aPettengells Property Services was fined £1,400 after the assistant manager pulled down rival firm, TA Winney Estate Agent's 'For Sale' board. The National Association of Estate Agents concluded that Pettengells breached its code of conduct. Pettengels plans to appeal.
590 _aWB
650 _aCODE OF CONDUCT
650 _aESTATE AGENTS
650 _aFOR SALE BOARDS
650 _aFINES
650 _aRESIDENTIAL SALES
690 _aMANAGEMENT-BUSINESS MANAGEMENT-PROFESSIONAL PRACTICE
942 _n0
999 _c68012
_d68012